Normal view
MARC view
- Surveying.
Entry Topical Term
001 - CONTROL NUMBER
- control field: 25848
003 - CONTROL NUMBER IDENTIFIER
- control field: NUST
005 - DATE AND TIME OF LATEST TRANSACTION
- control field: 20191119124525.0
008 - FIXED-LENGTH DATA ELEMENTS
- fixed length control field: 191119|| aca||aabn | a|a d
040 ## - CATALOGING SOURCE
- Original cataloging agency: NUST
- Transcribing agency: NUST
150 ## - HEADING--TOPICAL TERM
- Topical term or geographic name entry element: Surveying.
670 ## - SOURCE DATA FOUND
- Source citation: Work cat.: (NUST)0: Uren, J. 20250, Surveying for engineers /, 1978.
